ბათუმის შოთა რუსთაველის სახელმწიფო უნივერსიტეტის ბიბლიოთეკა

Административное право Учебник (ბიბ.ჩანაწერი № 35948)

000 -LEADER
fixed length control field 00620nam a2200217Ia 4500
001 - CONTROL NUMBER
control field 1847
003 - CONTROL NUMBER IDENTIFIER
control field GE_BSU
008 - FIXED-LENGTH DATA ELEMENTS--GENERAL INFORMATION
fixed length control field 181216s||||||||xx |||||||||||||| ||und||
020 ## - INTERNATIONAL STANDARD BOOK NUMBER
International Standard Book Number 5720508104
040 ## - CATALOGING SOURCE
Transcribing agency GE_BSU
080 ## - UNIVERSAL DECIMAL CLASSIFICATION NUMBER
Universal Decimal Classification number 342.9(075.8)
100 ## - MAIN ENTRY--PERSONAL NAME
Personal name Звоненко, Д,П;Мамулов,А.Ю.; Мамулов, Г.Ю;
245 ## - TITLE STATEMENT
Title Административное право Учебник
260 ## - PUBLICATION, DISTRIBUTION, ETC.
Place of publication, distribution, etc. Москва
260 ## - PUBLICATION, DISTRIBUTION, ETC.
Name of publisher, distributor, etc. Юстицинформ
260 ## - PUBLICATION, DISTRIBUTION, ETC.
Date of publication, distribution, etc. 2007
300 ## - PHYSICAL DESCRIPTION
Extent 415 см. 20 см.12 л.
653 ## - INDEX TERM--UNCONTROLLED
Uncontrolled term Административное право .
942 ## - ADDED ENTRY ELEMENTS (KOHA)
Koha item type წიგნი
ეგზემპლარები
Withdrawn status Lost status Damaged status Not for loan Date acquired Barcode Date last seen Price effective from Koha item type
        2018-12-17 3760 2018-12-17 2018-12-17 წიგნი